000 00575nam a2200193Ia 4500
005 20250923144729.0
008 008 250917s9999 xx 000 0 eng d
037 _aTextual
040 _aDSWL
_beng
_cDSWL
041 _aeng
_2eng
084 _aY73(P165):1, M90
_qDSWL
100 _aOliver, Edward E.
_9827826
245 0 _aAcross the border or pathan and biloch
_cby Edward E.Oliver
260 _aLondon
_bChapman & Hall Ltd.
_c1890
300 _axii,344p.
365 _aINR
942 _cTEXL
_hY73(P165):1, M90
999 _c1442615
_d1442615